Evaluación del sistema de tratamiento actualmente instalado en la Cervecería Costa Rica y recomendaciones a nivel de diseño para su correcta operación
Gespeichert in:
| 1. Verfasser: | |
|---|---|
| Format: | Buch |
| Veröffentlicht: |
[San José , Costa Rica]
1996
|
| Schlagworte: | |
| Tags: |
Tag hinzufügen
Keine Tags, Fügen Sie den ersten Tag hinzu!
|
MARC
| LEADER | 00000nam a2200000Ia 4500 | ||
|---|---|---|---|
| 003 | 007893 | ||
| 005 | 20221231144248.0 | ||
| 008 | 140114s1995 cr a m 000 ||s d | ||
| 040 | |c cru CEDI | ||
| 090 | |a TFG 3435 | ||
| 100 | |a Valverde Canossa, Jéssica |9 10444 | ||
| 245 | |a Evaluación del sistema de tratamiento actualmente instalado en la Cervecería Costa Rica y recomendaciones a nivel de diseño para su correcta operación | ||
| 260 | |c 1996 |a [San José , Costa Rica] | ||
| 300 | |a vi, [263] hojas : ilustraciones | ||
| 500 | |a Proyecto de graduación (licenciatura en ingeniería química)--Universidad de Costa Rica. Facultad de Ingeniería. Escuela de Ingeniería Química | ||
| 650 | |x PURIFICACION DE AGUAS RESIDUALES |9 10445 | ||
| 942 | |c TFG | ||
| 999 | |c 19259 |d 19259 | ||
